| 000 | 01457nam a2200253Ia 4500 | ||
|---|---|---|---|
| 999 |
_c41020 _d41020 |
||
| 001 | 7669 | ||
| 003 | GE_BSU | ||
| 005 | 20220922094843.0 | ||
| 008 | 181216s2013ge xx |||||||||||||| ||geo|| | ||
| 010 | _a9789941434570. | ||
| 040 | _cGE_BSU | ||
| 041 | _ageo | ||
| 080 | _a008+81'243+378 ნ-21 | ||
| 100 |
_aნაკაშიძე-მახარაძე,თათია. _914668 |
||
| 245 |
_aკულტურათა დიალოგის ჩართვა საგანმანათლებლო პროგრამებში : _bუცხოური ენის სწავლება/სწავლის მაგალითზე / _cთათია ნაკაშიძე-მახარაძე, რედ. ციალა მეგრელაძე. |
||
| 264 |
_aბათუმი : _bშოთა რუსთაველის სახელმწ.უნ-ტის გამ-ბა. _c2013. |
||
| 300 |
_a288 გვ;. _c21 სმ. |
||
| 504 | _aბიბლიოგრ.: გვ. 236-249. სიტყვ.საძ.-285-287. | ||
| 541 | _h10ლ.16თ. | ||
| 653 | _aკულტურათა დიალოგის ჩართვა საგანმანათლებლო პროგრამებში. | ||
| 653 | _aცივილიზაცია კულტურა | ||
| 700 |
_aმეგრელაძე, ციალა _eრედაქტორი _91081 |
||
| 942 |
_cBK _2udc |
||